000 00411pab a2200157 454500
008 180718b2009 xxu||||| |||| 00| 0 eng d
100 _aGautam, P.K.
245 _aAn overview of Ecological Task Forces (ETF) and ecological institutions of the Indian army
260 _c2009
300 _ap.267-73.
362 _aApr-Jun
650 _aArmed forces
773 _aUSI Journal
908 _aN
909 _a83802
999 _c83802
_d83802